000 00306nam a22001337a 4500
008 170824b xxu||||| |||| 00| 0 eng d
020 _a9780495114475
041 _aeng
080 _211 ED
_a51
100 _a38
101 _aMAT
245 _aTHE NATURE OF MATHEMATICS
_cSMITH.K.J
942 _2udc
_cBK
999 _c24767
_d24767